000
00441nam a2200133Ia 4500
008
100328s9999 xx 000 0 und d
082
_b
17569
100
_a
वाजपेयी भगवतीप्रसाद
245
_a
पतिता की साधना
260
_b
शिक्षा भारती
630
_a
पतिता की साधना
730
_a
पतिता की साधना
942
_c
BOOK
999
_c
512129
_d
512126